The making of the president 1964

Saved in:
Bibliografiske detaljer
Hovedforfatter: White, Theodore H (Author)
Format: Bog
Sprog:engelsk
Udgivet: Londres Jonathan Cape 1965
Fag:
Tags: Tilføj Tag
Ingen Tags, Vær først til at tagge denne postø!

MARC

LEADER 00000nam a2200000 a 4500
001 UCT7180
003 CL-VaPUC
008 970116e19650000UK |||||||||||||||||eng|d
082 0 4 |a 324.973  |b WHI  |2 21 
100 0 |a White, Theodore H  |e author  |9 377982 
245 1 4 |a The making of the president 1964 
300 |a 431 p 
942 |c BK 
945 |d 19970116 00:00:00  |a paguirre 
260 |a Londres  |b Jonathan Cape  |c 1965 
600 0 7 |a JOHNSON, LYNDON B  |2 CL-VaPUC  |9 376350 
650 0 |a Representación política   |9 362081 
650 0 |a Partidos políticos  |9 254999 
650 0 |a Elecciones  |9 254997 
650 0 |a Votación  |9 376129 
650 7 |a PRESIDENCIA  |2 CL-VaPUC  |9 341215 
650 0 |a Política  |9 255312 
651 0 |a Estados Unidos  |9 255178 
583 |a last modification  |c 19970116 00:00:00  |k Rodrigo Vera 
999 |c 255839  |d 255837 
952 |0 0  |1 0  |4 0  |6 324_973000000000000_WHI_1965  |7 0  |8 A  |9 278285  |a BIBDER  |b BIBDER  |d 2019-11-19  |i 1807188  |o 324.973 WHI 1965  |p 1807188  |r 2023-01-25  |w 2019-11-19  |y BK  |k DER